Statistics for Alternative Flags Quiz

Click here to take the quiz!

General Stats

  • This quiz has been taken 76 times
  • The average score is 15 of 21

Answer Stats

Answer % Correct
United States
97%
Germany
96%
Japan
93%
Australia
92%
New Zealand
89%
Philippines
82%
Israel
79%
Libya
77%
Poland
77%
Netherlands
76%
Spain
75%
Estonia
73%
Ethiopia
72%
Ireland
72%
Canada
70%
Dominican Republic
69%
Greece
63%
Georgia
48%
Vietnam
45%
Tanzania
41%
Bolivia
28%

Score Distribution

Percentile by Number Answered

Percent of People with Each Score

Your Score History

You have not taken this quiz